Quizzes
Events
Quiz Creation
Community
Videos
Private Events
Remove Ads
Sign In
Join for FREE
Feedback
Dark Mode
Quiz Categories
Sports
Geography
Music
Movies
Television
Just For Fun
Miscellaneous
History
Literature
Language
Science
Gaming
Entertainment
Religion
Holiday
For Kids
Quiz Lab
Recent
Popular Today
Quiz Kudos Today
Editor Picks
Curator Picks
Quizzes by...
Day
Popularity
Type
Ratings
Length
Year
Community
Subscriptions
Recent Discussions
Orange Saloon
Badges
Playlists
Quests
Create
Leaderboards
Showdown
Live 5
Trivia Bingo
Activity
Puzzle Library
Sporcle Events
Private Events
Virtual Trivia
Globe League
Become a Host
Pub Owners
SporcleCon
Opinionation
Our Games
Videos
Blog
Mobile Apps
Partnerships
Remove Ads and Go Orange
Feedback
Music
Pop Music
The Beatles
Song
Album
Lyrics
Bands
Singers
Artist
Clip
Rock
Rap
Classical
Billboard
Country Music
Kpop
Taylor Swift
Music
Pop Music
The Beatles
Song
Album
Lyrics
Bands
Singers
Artist
Clip
Rock
Rap
Classical
Billboard
Country Music
Kpop
Taylor Swift
Random Quiz
Search Sporcle
×
Quiz Lab
Quiz Lab
Music
The Beatles
Type in answers that appear in a list
Type in answers that appear in a list
Classic
Best Score? Go Orange.
That Means A Lot Lyrics Stats
Can you name the That Means A Lot Lyrics?
By
BeatlesFan1965
5m
150 Questions
37 Plays
37 Plays
37 Plays
Comments
Comments
Give Quiz Kudos
Give Quiz Kudos
-
- Ratings
hide this ad
Replay
Link that replays current quiz
Next Quiz
Link to next quiz in quiz playlist
You Got
0%
They Got
Avg Score
72%
Avg Friend Score
Upgrade to see
Score Distribution
Jump to the score distribution portion of the page
Score
0/150
Timer
05:00
0
Plays Today
Answer
% Correct
A
97.3%
A
97.3%
And
97.3%
And
97.3%
A
97.3%
A
97.3%
A
97.3%
And
97.3%
A
97.3%
A
97.3%
A
97.3%
A
97.3%
And
97.3%
A
97.3%
A
97.3%
That
91.9%
You
91.9%
That
91.9%
You
91.9%
That
91.9%
That
91.9%
You
91.9%
That
91.9%
You
91.9%
You
91.9%
That
91.9%
You
91.9%
You
91.9%
You
91.9%
That
91.9%
You
91.9%
You
91.9%
That
91.9%
You
91.9%
You
91.9%
Love
89.2%
Love
89.2%
Love
89.2%
Love
89.2%
Love
89.2%
Love
89.2%
Love
89.2%
Mean
86.5%
Mean
86.5%
Mean
86.5%
Mean
86.5%
Lot
83.8%
Lot
83.8%
Lot
83.8%
Lot
83.8%
Answer
% Correct
Lot
83.8%
Friend
81.1%
Says
81.1%
Is
81.1%
Got
81.1%
Says
81.1%
Friend
81.1%
Says
81.1%
Is
81.1%
Got
81.1%
Says
81.1%
Friend
81.1%
Says
81.1%
Is
81.1%
Got
81.1%
Got
81.1%
Says
81.1%
Know
75.7%
Know
75.7%
Know
75.7%
Your
73%
Won't
73%
Your
73%
All
73%
You've
73%
She
73%
She
73%
All
73%
You've
73%
She
73%
She
73%
Your
73%
Won't
73%
Your
73%
All
73%
You've
73%
All
73%
You've
73%
She
73%
She
73%
So
67.6%
But
67.6%
So
67.6%
So
67.6%
Times
64.9%
Times
64.9%
When
64.9%
Loves
64.9%
Can
64.9%
When
64.9%
Answer
% Correct
When
64.9%
Loves
64.9%
Can
64.9%
Can
64.9%
Can't
64.9%
See
64.9%
Can't
64.9%
When
64.9%
Can
64.9%
When
64.9%
When
64.9%
Loves
64.9%
Can't
64.9%
See
64.9%
Can't
64.9%
See
64.9%
At
59.5%
At
59.5%
Means
59.5%
Means
59.5%
Means
59.5%
Are
56.8%
Not
56.8%
They're
54.1%
Fine
51.4%
To
51.4%
Yeah
51.4%
Yeah
51.4%
Things
48.6%
Never
48.6%
This
45.9%
It's
45.9%
Be
45.9%
Be
45.9%
It's
45.9%
It's
45.9%
True
43.2%
Much
43.2%
Much
43.2%
Apply
40.5%
Touch
37.8%
Touch
37.8%
Deep
35.1%
Inside
35.1%
Suicide
32.4%
What
32.4%
Don't
29.7%
Hide
29.7%
Feel
29.7%
Real
24.3%
Quiz Playlist
Details
Report
Send in Message
Add To Playlist
Classic:
Type in answers that appear in a list
Last Updated: Oct 14, 2018
Quiz Scoreboard
CHALLENGE
Sign Up to Join the Scoreboard
Show All
Scores
Hide
Comments
May contain spoilers
Recently Published
Popular People in 1961
by mucciniale
History
6m
1-10 Letter E Words III
by El_Dandy
Language
2m
One Thing in Common: World Cities II
by knightlancer
Geography
7m
More to Explore
Quiz From the Vault
Featured Blog Post
Where Did the Easter Bunny Come From?
hide this ad
You Might Also Like...
Tags
Lyrics Quiz
Rock Quiz
The Beatles Quiz
Figure Out the Lyrics
Original Lyrics
Rock Band
Rock Lyrics
Rock Musicians
Rock Songs
Soundtrack Lyrics
Today's Top Quizzes in Music
Browse Music
hide this ad
Today's Top Quizzes in The Beatles
Browse The Beatles
Top Contributed Quizzes in Music
1
Taylor Swift All Songs (2024)
2
2010s Album by Cover III
3
Taylor Swift Logic Puzzle
4
One Thing in Common: Music
5
Guess the Artist- 70s Songs
6
Guess the Taylor Swift song (Mystery Song)
7
2010s Album by Cover V
8
2010s Album by Cover IV
9
Lana Del Rey Discography (BTD to DYKTTATUOB)
10
KPOP LOGIC QUIZ
Explore More
Trending Topics
Anime
Harry Potter
Marvel
NBA
Crossword
Disney
Kpop
Country
Soccer
Pokémon
WWE
Song
The Office
Puzzle
NFL
hide this ad
More By:
BeatlesFan1965
Quiz
Plays
Rating
Category
Featured
Created
And I Love Her Lyrics
377
5.00
Music
Sep 22, 2017
MIKA We Are Golden Lyrics
277
4.40
Music
Jan 17, 2018
Ianto Jones Coffee Rap
207
5.00
Music
Oct 6, 2017
Two word Beatles songs
165
2.00
Music
Oct 6, 2017
For No One Lyrics
157
Music
Sep 19, 2017
Go to Creator's Profile
Score Distribution
Quiz Creator Spotlight
BeatlesFan1965
Follow
Send a Message
Quizzes Created
-
Created Quiz Play Count
-
More By This Creator
Popular Quizzes Today
1
Find the US States - No Outlines Minefield
2
The Countries of the World
3
Find the Countries of Europe - No Outlines Minefield
4
Popular People in 1961
5
1-10 Letter E Words III
6
Find the US States
7
One Thing in Common: World Cities II
8
US States
More Music Quizzes
U2 Song Start Spree
Published
Trending Quizzes
Risky Map Clicking: Least Populous States A-Z
1-10 Letter F Words
1-10 Letter G Words
One Thing in Common: United Kingdom
Risky Map Clicking: Next State Alphabetically
Recently Updated
Leaping Animals
pecheneg
Reality TV Shows (A-Z)
bhenderson79
Rickey Henderson's Hall of Fame Teammates
pecheneg
Champions League XIs: Arsenal
pecheneg
Quick Pick: Celebrities in WWE's Hall of Fame
aduchscher
A-Z Keypad Blitz II
pecheneg
Multiple Oscar Actors
pecheneg
Mystery Phrase Blitz: Oscar 'Best Actors'
pecheneg
F. Scott Fitzgerald Novels
LTH
Pick 3 Villains
ddd62291
Trending Topics
Harry Potter
Anime
Disney
Marvel
NBA
Crossword
Kpop
The Office
Pokémon
Song
Soccer
Country
Puzzle
WWE
NFL
Your Account Isn't Verified!
In order to create a playlist on Sporcle, you need to verify the email address you used during registration. Go to your
Sporcle Settings
to finish the process.
Report this User
Report this user for behavior that violates our
Community Guidelines
.
Details:
Send Report
Go to the Sporcle.com Mobile Site →
Comments